Library Banner

Viceroy (Record no. 69915)

MARC details
000 -LEADER
fixed length control field 00411nam a22001577a 4500
005 - DATE AND TIME OF LATEST TRANSACTION
control field 20150415121911.0
008 - FIXED-LENGTH DATA ELEMENTS--GENERAL INFORMATION
fixed length control field 150415b xxu||||| |||| 00| 0 eng d
020 ## - INTERNATIONAL STANDARD BOOK NUMBER
International Standard Book Number 019576984
040 ## - CATALOGING SOURCE
Transcribing agency PK-LaUMT
082 ## - DEWEY DECIMAL CLASSIFICATION NUMBER
Classification number KHC 954.0355
Item number TIN-V
100 ## - MAIN ENTRY--PERSONAL NAME
Personal name Tinker, Hugh
245 ## - TITLE STATEMENT
Title Viceroy
Remainder of title curzon to mountbatten
Statement of responsibility, etc Hugh Tinker
260 ## - PUBLICATION, DISTRIBUTION, ETC. (IMPRINT)
Place of publication, distribution, etc Karachi
Name of publisher, distributor, etc Oxford University Press
Date of publication, distribution, etc 1997
300 ## - PHYSICAL DESCRIPTION
Extent 266 p.
942 ## - ADDED ENTRY ELEMENTS (KOHA)
Koha item type Books
Holdings
Withdrawn status Lost status Damaged status Home library Current library Date acquired Full call number Barcode Date last seen Price effective from Koha item type
      UMT Main Campus UMT Main Campus 2015-04-15 KHC 954.0355 TIN-V 71471 2015-04-15 2015-04-15 Books